书目信息 |
| 题名: |
又到西风扑鬓时
|
|
| 作者: | 凉月满天 著 | |
| 分册: | ||
| 出版信息: | 南京 江苏凤凰文艺出版社 2017 |
|
| 页数: | 246页 | |
| 开本: | 21cm | |
| 丛书名: | ||
| 单 册: | ||
| 中图分类: | K825.6=49 | |
| 科图分类: | ||
| 主题词: | 诗人--传记--中国--清代 | |
| 电子资源: | ||
| ISBN: | 978-7-5594-1002-3 | |
| 000 | 00975nam0 2200241 450 | |
| 001 | 012001004078 | |
| 005 | 20140928162348.0 | |
| 010 | @a978-7-5594-1002-3@dCNY39.80 | |
| 100 | @a20171222d2017 em y0chiy50 ea | |
| 101 | 0 | @achi |
| 102 | @aCN@b320000 | |
| 105 | @ay z 000yb | |
| 106 | @ar | |
| 200 | 1 | @a又到西风扑鬓时@9you dao xi feng pu bin shi@e纳兰性德传@f凉月满天著 |
| 210 | @a南京@c江苏凤凰文艺出版社@d2017 | |
| 215 | @a246页@d21cm@e1纳兰词(75页) | |
| 330 | @a本书以时间为经,以亲情、友情、爱情为纬,纵横编织出清代第一词人纳兰性德短暂而耀眼的一生。作者以冷静悲悯、寒凉入骨的笔调,描摹了纳兰性德看似热闹、实则孤单,看似繁华、实则寥落的性情和命运:他的情爱始终有始无终,他的词章有起始,无终章,他的才情无两,他的寂寞亦无双。 | |
| 517 | 1 | @a纳兰性德传@9na lan xing de chuan |
| 606 | 0 | @a诗人@x传记@y中国@z清代 |
| 690 | @aK825.6=49@v5 | |
| 701 | 0 | @a凉月满天@9liang yue man tian@4著 |
| 801 | 0 | @aCN@b上海新华@c20180901 |
| 905 | @b1170170-4@dK825.6=49@e1208@f5 | |
| 又到西风扑鬓时:纳兰性德传/凉月满天著.-南京:江苏凤凰文艺出版社,2017 |
| 246页;21cm+1纳兰词(75页) |
| ISBN 978-7-5594-1002-3:CNY39.80 |
| 本书以时间为经,以亲情、友情、爱情为纬,纵横编织出清代第一词人纳兰性德短暂而耀眼的一生。作者以冷静悲悯、寒凉入骨的笔调,描摹了纳兰性德看似热闹、实则孤单,看似繁华、实则寥落的性情和命运:他的情爱始终有始无终,他的词章有起始,无终章,他的才情无两,他的寂寞亦无双。 |
| ● |
| 相关链接 |
|
|
|
|
正题名:又到西风扑鬓时
索取号:K825.6=49/1208
 
预约/预借
| 序号 | 登录号 | 条形码 | 馆藏地/架位号 | 状态 | 备注 |
| 1 | 1170170 | 211701700 | 第二样本阅览室/ [索取号:K825.6=49/1208] | 在馆 | |
| 2 | 1170171 | 211701719 | 第二借阅区/ [索取号:K825.6=49/1208] | 在馆 | |
| 3 | 1170172 | 211701728 | 第二借阅区/ [索取号:K825.6=49/1208] | 在馆 | |
| 4 | 1170173 | 211701737 | 第二借阅区/ [索取号:K825.6=49/1208] | 在馆 | |
| 5 | 1170174 | 211701746 | 史法系资料室/ [索取号:K825.6=49/1208] | 在馆 |